Up from slavery: (Record no. 201385)
[ view plain ]
| 000 -LEADER | |
|---|---|
| fixed length control field | 00543nam a22001817a 4500 |
| 005 - DATE AND TIME OF LATEST TRANSACTION | |
| control field | 20240311171421.0 |
| 010 ## - LCCN (DPL NO) | |
| LC control number | ENG-139636 |
| 020 ## - INTERNATIONAL STANDARD BOOK NUMBER | |
| International Standard Book Number | 9789383779208 |
| Terms of availability | 390.00 |
| 035 ## - SYSTEM CONTROL NUMBER | |
| System control number | EN-123168 |
| 037 ## - SOURCE OF ACQUISITION | |
| Source of stock number/acquisition | DBAD/PUB |
| 082 ## - DEWEY DECIMAL CLASSIFICATION NUMBER | |
| Classification number | 921 |
| 100 ## - MAIN ENTRY--PERSONAL NAME | |
| Personal name | Washington, Booker T. |
| 245 ## - TITLE STATEMENT | |
| Title | Up from slavery: |
| Remainder of title | an autobiography / |
| Statement of responsibility, etc | by Booker T. Washington |
| 260 ## - PUBLICATION, DISTRIBUTION, ETC. (IMPRINT) | |
| Place of publication, distribution, etc | Noida |
| Name of publisher, distributor, etc | Vrishti Books Cafe |
| Date of publication, distribution, etc | 2015 |
| 270 ## - ADDRESS | |
| Address | H-86 F, First Floor Sector-12, |
| City | Noida |
| Postal code | 201301 |
| 300 ## - PHYSICAL DESCRIPTION | |
| Extent | 233p. |
| Dimensions | 22cm(pbk) |
| 942 ## - ADDED ENTRY ELEMENTS (KOHA) | |
| Source of classification or shelving scheme | Dewey Decimal Classification |
| Item type | English Books |
| Call number suffix | WAS |
| Classification part | 921 |
| Withdrawn status | Lost status | Not for loan | Collection code | Home library | Current library | Date acquired | Source of acquisition | Cost, normal purchase price | Full call number | Barcode | Copy number | Cost, replacement price | Koha item type |
|---|---|---|---|---|---|---|---|---|---|---|---|---|---|
| Non-fiction | Central Jail Tihar | Central Jail Tihar | 11/03/2024 | DBAD | 390.00 | WAS 921 | EN-123168 | 1 | 390.00 | English Books |
